Казаки. Кавказский пленник

Détails bibliographiques
Auteur principal: Толстой Л. Н. Лев Николаевич
Résumé:Книга на английском языке
"The hero of my tale, whom I love with all my heart and soul, whom I have tried to depict in all his beauty, and who always was, is and will be beautiful — is Truth." The years 1851 to 1854 that Tolstoy spent in the Caucasus and the action he saw there as an officer in the Russian Army are reflected in his novella The Cossacks (1853—1862). In this work, completed in 1862, he shares with us his inmost thoughts about the true value of human life, the goodness of the common man, and the hypocrisy of aristocratic society, which his central character, Olenin, rejects. The story A Prisoner in the Caucasus is based on the events of the Caucasian War of 1817—1864, waged by tsarist Russia against the hillsmen of Daghestan and Chechnia. War, according to Tolstoy, sets people apart and against each other, while human nature dictates the opposite. War is out of harmony with the opacifying beauty and power* of nature, which is eternally alive and beautiful.
Langue:anglais
Publié: Москва, Радуга, 2001
Collection:Russian Classics
Sujets:
Format: Livre
KOHA link:https://koha.lib.tpu.ru/cgi-bin/koha/opac-detail.pl?biblionumber=207180

MARC

LEADER 00000nam0a2200000 4500
001 207180
005 20241017063204.0
010 |a 5050051649 
035 |a (RuTPU)RU\TPU\book\225959 
090 |a 207180 
100 |a 20120123d2001 m y0rusy50 ca 
101 1 |a eng  |c rus 
102 |a RU 
105 |a a z 000ay 
200 1 |a Казаки. Кавказский пленник  |d The Cossacks. A Prisoner in the Caucasus  |f Л. Н. Толстой 
210 |a Москва  |c Радуга  |d 2001 
215 |a 223 с.  |c ил. 
225 1 |a Russian Classics 
300 |a Книга на английском языке 
330 |a "The hero of my tale, whom I love with all my heart and soul, whom I have tried to depict in all his beauty, and who always was, is and will be beautiful — is Truth." The years 1851 to 1854 that Tolstoy spent in the Caucasus and the action he saw there as an officer in the Russian Army are reflected in his novella The Cossacks (1853—1862). In this work, completed in 1862, he shares with us his inmost thoughts about the true value of human life, the goodness of the common man, and the hypocrisy of aristocratic society, which his central character, Olenin, rejects. The story A Prisoner in the Caucasus is based on the events of the Caucasian War of 1817—1864, waged by tsarist Russia against the hillsmen of Daghestan and Chechnia. War, according to Tolstoy, sets people apart and against each other, while human nature dictates the opposite. War is out of harmony with the opacifying beauty and power* of nature, which is eternally alive and beautiful. 
510 1 |a The Cossacks. A Prisoner in the Caucasus  |z eng 
606 1 |a Английский язык  |x Учебные руководства и пособия  |x Хрестоматии, книги для чтения  |2 stltpush  |3 (RuTPU)RU\TPU\subj\29075  |9 52487 
606 1 |a Русская литература, дореволюционная  |2 stltpush  |3 (RuTPU)RU\TPU\subj\26371  |9 50314 
610 1 |a художественная литература 
610 1 |a проза 
610 1 |a повести 
610 1 |a книги для чтения 
675 |a Ш143.21-923.8  |v 3 
675 |a Р1  |v 3 
700 1 |a Толстой  |b Л. Н.  |c граф  |c русский писатель  |c член-корреспондент, почетный академик Петербургской АН  |f 1829-1910  |g Лев Николаевич  |7 ca  |8 rus  |2 stltpush  |3 (RuTPU)RU\TPU\pers\497  |9 238 
801 1 |a RU  |b 63413507  |c 20120123 
801 2 |a RU  |b 63413507  |c 20220525  |g RCR 
942 |c BK